[Event "ARG-ch"]
[Site "Buenos Aires"]
[Date "1998.04.20"]
[Round "5"]
[White "Dolezal, Cristian"]
[Black "Ricardi, Pablo"]
[Result "1/2-1/2"]
[WhiteElo "2300"]
[BlackElo "2555"]
[Annotator "Hecht,H"]
[PlyCount "99"]
[EventDate "1998.04.15"]
[EventType "tourn"]
[EventRounds "15"]
[EventCountry "ARG"]
[EventCategory "9"]
[SourceTitle "CBM 065"]
[Source "ChessBase"]
[SourceDate "1998.08.06"]
[SourceVersion "1"]
[SourceVersionDate "1998.08.06"]
[SourceQuality "1"]

1. e4 c5 2. g3 Nc6 3. Bg2 g6 4. d3 Bg7 5. f4 d6 6. Nf3 Nf6 7. O-O O-O 8. c3 Rb8
9. a4 a6 10. Qe2 b5 11. axb5 axb5 12. e5 dxe5 13. Nxe5 Nxe5 14. fxe5 Nd5 15.
Nd2 b4 16. c4 Nc7 17. Nb3 Ne6 18. Bd5 Qc7 19. Re1 Bb7 20. Qe4 Rfd8 21. Ra5 Rxd5
22. cxd5 Rd8 23. Ra7 Bxd5 24. Rxc7 Bxe4 25. Rxe7 Bxd3 26. Be3 Bf8 27. Rxe6 fxe6
28. Bxc5 Bc4 29. Bxf8 Kxf8 30. Nc5 Rd2 31. Re4 Rc2 32. Nd7+ Ke7 33. Nb6 Bd5 34.
Rxb4 Rg2+ 35. Kf1 Rxh2 36. Rh4 Rxh4 37. gxh4 Bb3 38. Ke2 Kd8 39. Kd3 Kc7 40.
Nc4 Bxc4+ 41. Kxc4 {Black has an easily-created outside passed pawn at his
disposal due to the presence of both kings on the queenside. The position is
easy to work out and remains a draw. Schwarz verfügt über einen leicht zu
bildenden entfernten Freibauern bei Anwesenheit beider Könige am Damenflügel.
Die Stellung ist einfach auszurechnen und bleibt remis.} Kc6 42. Kb4 h6 (42...
Kd5 43. Ka5 Kxe5 44. b4 Kd6 45. Ka6 Kc7 46. Ka7 Kc6 $11) 43. Kc4 Kb6 44. Kb4
Kc6 45. Kc4 Kd7 46. Kd4 Kd8 47. Kc5 Kc7 48. b4 g5 49. hxg5 hxg5 50. Kd4 (50.
Kd4 Kc6 51. Ke4 Kb5 52. Kf3 Kxb4 53. Kg4 Kc4 54. Kxg5 Kd4 $1 55. Kf4 $1 $11 (
55. Kf6 $2 Kd5 $19)) 1/2-1/2

[Event "Budapest Utasellato IM"]
[Site "Budapest"]
[Date "1988.10.24"]
[Round "3"]
[White "Honfi, Karoly"]
[Black "Peter, Ambrus"]
[Result "1-0"]
[WhiteElo "2380"]
[BlackElo "2305"]
[Annotator "Honfi"]
[PlyCount "63"]
[EventDate "1988.10.22"]
[EventType "tourn"]
[EventRounds "11"]
[EventCountry "HUN"]
[EventCategory "3"]
[SourceTitle "EXT 2020"]
[Source "ChessBase"]
[SourceDate "2019.10.17"]
[SourceVersion "1"]
[SourceVersionDate "2019.10.17"]
[SourceQuality "1"]

1. e4 c5 2. b3 d6 3. Bb2 Nf6 4. Nc3 Nc6 5. Bb5 Bd7 6. f4 e6 7. Nf3 Be7 8. O-O
a6 9. Bxc6 Bxc6 10. Qe2 O-O 11. Kh1 Qc7 (11... b5 12. e5 dxe5 13. Nxe5 Bb7 14.
a4 $14) 12. d4 cxd4 13. Nxd4 b5 (13... Bd7 14. e5 $16) (13... Be8 14. Rad1 $16)
14. Nxc6 Qxc6 15. e5 dxe5 16. fxe5 Nd5 17. Ne4 Rac8 18. Rac1 Bc5 (18... b4 19.
Rf3 (19. Nf6+ Kh8 20. Qh5 gxf6 $13) 19... Qb5 20. Qf2 $14) 19. c4 Ne7 $4 (19...
bxc4 20. Rxc4 Ne3 21. Rxc5 Qxe4 22. Rxc8 Rxc8 23. Bc1 Rc2 24. Bd2 Qxg2+ 25.
Qxg2 Nxg2 26. Rd1 $1 Nh4 27. Bg5 Ng6 28. Rd8+ Nf8 29. Be7 $18) (19... Ne3 20.
Rf4 bxc4 21. Nxc5 Qxc5 22. Bd4 $18) 20. cxb5 Qb6 21. bxa6 Bd4 22. Ba3 Rxc1 23.
Rxc1 Rc8 24. Rxc8+ Nxc8 25. Qc4 Na7 26. Bd6 Nc6 27. b4 h6 28. Bc5 Bxc5 29. Qxc5
Qxa6 30. b5 Qa4 31. bxc6 Qxe4 32. Qc1 1-0

[Event "Riga zt"]
[Site "Riga"]
[Date "1995.??.??"]
[Round "6"]
[White "Sepp, Olav"]
[Black "Rausis, Igors"]
[Result "0-1"]
[WhiteElo "2460"]
[BlackElo "2495"]
[Annotator "Horvath,Ta"]
[PlyCount "68"]
[EventDate "1995.03.??"]
[EventType "tourn"]
[EventRounds "13"]
[EventCountry "LAT"]
[EventCategory "10"]
[SourceTitle "CBM 047"]
[Source "ChessBase"]
[SourceDate "1995.08.01"]
[SourceVersion "1"]
[SourceVersionDate "1995.08.01"]
[SourceQuality "1"]

1. e4 c5 2. g3 d5 3. exd5 Qxd5 4. Nf3 Nc6 (4... Bg4 {->Nebenvarianten 1
Eröffnungsdisketten}) 5. Bg2 $6 (5. Nc3 Qe6+ 6. Be2 (6. Ne2 Qe4 $1 {Leko,P} 7.
Bg2 Nd4 8. Nfxd4 Qxg2 9. Rg1 Qd5 10. Nb5 Qd7 $15) (6. Qe2 Nb4 $1 7. Qxe6 Bxe6
8. Bb5+ Bd7 9. Bxd7+ Kxd7 10. Kd1 f6 $1 11. d4 cxd4 12. Nxd4 e5 $15) 6... Qd7
7. Bb5 Qe6+ $10) 5... Qe6+ 6. Kf1 g6 7. d3 Bg7 8. Nc3 Nf6 9. Be3 Nd5 10. Nxd5
Qxd5 11. Ng5 (11. Nd4 $2 Bh3 $19) 11... Qd7 $1 (11... Qf5 12. c3 Ne5 13. Be4
Qf6 14. f4 Nd7 15. Kg2 h6 $15 {Ibragimov-Atalik/Budapest/1992}) 12. c3 Ne5 13.
Bxc5 (13. d4 Nc4 $17) 13... Nxd3 $15 14. Ba3 O-O 15. Qe2 Ne5 16. f4 Nc6 17. Kf2
h6 18. Nf3 Qc7 19. Rhd1 Bg4 20. h3 Be6 21. Nd4 (21. Rd2 Rfd8 22. Kg1 Rxd2 23.
Nxd2 Rd8 $15) 21... Qb6 22. Qe3 Nxd4 23. cxd4 Rac8 24. Kg1 Rc2 25. Be4 Rfc8 $1
26. Bc5 Qxb2 27. Bxc2 Qxc2 28. Qf2 (28. Rdc1 Qa4 $17) 28... Qa4 29. g4 b6 30.
Bxe7 Bd5 31. Qe3 Rc2 32. Bh4 Rg2+ 33. Kf1 Rxa2 34. Rxa2 $2 (34. Rac1 Ra3 $19)
34... Qxd1+ 0-1

[Event "DEN-ch playoff"]
[Site "Copenhagen"]
[Date "1996.??.??"]
[Round "4"]
[White "Danielsen, Henrik"]
[Black "Nielsen, Peter Heine"]
[Result "1-0"]
[WhiteElo "2495"]
[BlackElo "2530"]
[Annotator "Jacoby,G"]
[PlyCount "67"]
[EventDate "1996.10.18"]
[EventType "match"]
[EventRounds "4"]
[EventCountry "DEN"]
[SourceTitle "CBM 056"]
[Source "ChessBase"]
[SourceDate "1997.02.01"]
[SourceVersion "1"]
[SourceVersionDate "1997.02.01"]
[SourceQuality "1"]

1. f4 c5 2. Nf3 Nc6 3. g3 g6 4. Bg2 Bg7 5. O-O d6 6. d3 e6 (6... Nf6 {Kharlov,
A (2605)-Hulak,K (2545) EUCup f Budapest 1996 (4) 1-0 CBM 56}) 7. e4 Nge7 8. a4
a6 (8... O-O 9. c3 e5 10. Na3 Rb8 11. Be3 b6 12. Qd2 d5 13. Nxe5 Nxe5 14. fxe5
Bxe5 15. Bh6 Re8 16. Bf4 f6 17. Bxe5 fxe5 18. exd5 Nxd5 19. Nc4 Ba6 20. Qf2 Re7
21. Rae1 Bxc4 22. dxc4 Nc7 23. Qf6 Qf8 24. Bd5+ {1-0 Vorotnikov,V-Tsebekov,H/
RUS-ch 1996 ;CBM 56 (40)}) 9. c3 O-O 10. Be3 Rb8 11. Nbd2 b5 12. axb5 axb5 13.
d4 cxd4 $6 (13... b4 $142 $1) 14. cxd4 Bd7 $6 (14... f5 $142 $5) 15. Bf2 Na5 $6
16. Qe2 b4 $2 (16... Nc4 17. Nb3 $14) 17. Rfc1 (17. Qa6 $142 $1) 17... Bb5 18.
Qe1 d5 19. e5 Nc4 20. Nxc4 $1 Bxc4 (20... dxc4 21. Qxb4 $16 {Der P steht auf
b4 nicht gut (16...b4?)}) 21. g4 Bh6 $2 {Auch ohne diesen Fehler steht Weiß
besser. Es ist ein Spiel auf ein Tor.} 22. Bh4 $1 {Das hatte Schwarz übersehen!
} Bxf4 23. Bf6 {Eine Modellstellung für die Frage: Wie gewinne ich im
Königsangriff?} Re8 (23... Bxc1 24. Qxc1 Qe8 25. Qh6 $18) (23... Qd7 24. Qh4
Be3+ (24... Nc6 25. Ng5 Be3+ 26. Kh1 h5 27. gxh5 $18) 25. Kh1 Bxc1 26. Rxc1) (
23... Rb7 24. Qh4 h6 25. Re1 {g4-g5}) 24. Ra7 Ra8 25. Rca1 Rxa7 26. Rxa7 Bd3
27. Qa1 Qb6 28. Bxe7 Be3+ 29. Kh1 Bxd4 30. Ra8 Qc6 31. Rxe8+ Qxe8 32. Bxb4 Bb6
33. Qc1 Be4 34. Ng5 1-0

[Event "Mondariz zt 1.1"]
[Site "Mondariz"]
[Date "2000.09.11"]
[Round "8"]
[White "Hauchard, Arnaud"]
[Black "Moreno Carnero, Javier"]
[Result "1-0"]
[WhiteElo "2539"]
[BlackElo "2515"]
[Annotator "Kaspi,A"]
[PlyCount "77"]
[EventDate "2000.09.03"]
[EventType "swiss"]
[EventRounds "11"]
[EventCountry "ESP"]
[SourceTitle "CBM 079"]
[Source "ChessBase"]
[SourceDate "2000.11.21"]
[SourceVersion "1"]
[SourceVersionDate "2000.11.21"]
[SourceQuality "1"]

1. g3 {Tyomkin,D} g6 2. Bg2 Bg7 3. d4 d6 4. e4 c5 5. c3 cxd4 6. cxd4 Nc6 7. Ne2
Bg4 8. f3 Bd7 9. Nbc3 Nf6 10. Be3 O-O 11. Qd2 (11. O-O b5 12. b3 b4 13. Na4 e5
14. d5 Ne7 15. Qd2 Bb5 16. Rfe1 a5 17. a3 bxa3 18. Rxa3 Nd7 19. Nac3 Qb8 20.
Rea1 $16 {1-0 King,D-Khasin,A/Calcutta 1992/CBM 27 ext (32)}) 11... Qb8 12. O-O
b5 13. Rac1 (13. Rfc1 e5 14. Rc2 a5 15. a3 a4 16. Rd1 Na5 17. Bf2 Nb3 18. Qe3
Rc8 $11 {0-1 Hramtsov,A-Zakharov,A/Moscow 1991}) 13... a5 14. d5 Nb4 $2 {
[%mdl 16384] Black knight is misplaced on b4, and it disturbs black to create
an activity over there. After correct 14...Ne5, black has a clear plan: b5-b4,
Bd7-b5 and Nf6-d7-c5.} (14... Ne5 $142 {[%cal Gb5b4,Yd7b5,Yf6d7,Yd7c5,Re5c4]}
15. b3 b4 16. Nd1 Bb5 17. Nb2 Qb7 18. Rfd1 Rfc8 19. Nd4 Nfd7 20. h3 {[%cal
Gf3f4]} (20. Nxb5 Qxb5 21. h3 Nc5 22. Rc2 a4 23. bxa4 Nxa4 24. Nxa4 Qxa4 $15)
20... Nc5 21. f4 Ned3 22. Nxd3 Bxd3 23. e5 Bb5 24. Nxb5 (24. e6 f5 25. Nxb5
Qxb5 26. Rc2 a4 $15) 24... Qxb5 25. Bf1 Qb6 26. e6 f5 $13) 15. Nd4 Rc8 $2 {
Unaccuracy, which leads to the loss of b-pawn. It was neccesary to take care
of b-pawn protection.} (15... Qb7 $142 16. a3 Na6 17. Nce2 $14) 16. Rfd1 $2 {
Trite move. White had missed a win of pawn. In any case this move is quite
useless, because white has to double rooks over c-file.} (16. Qe2 $142 {
[%csl Rb5]} Qb7 (16... Rc5 17. a3 Na6 18. Nc6 $16 {[%csl Rc5]}) 17. a3 Na6 18.
Ncxb5 a4 19. Rxc8+ Rxc8 20. Nc3 $16) 16... Na6 17. Nce2 Nc5 18. Rc2 Ra7 19.
Rdc1 {White is improving position step by step.} Rac7 20. Nc6 $1 {[%cal Rc2c6,
Yc1c2,Yd2a5]} (20. Qxa5 $6 Ra7 {[%csl Ra2]} (20... b4 21. Rc4 {[%csl Rb4]}))
20... Bxc6 21. dxc6 b4 $2 $16 {[%mdl 16384] After this move of black, white
has couple of ways to reach big advantage.} (21... Rxc6 22. Qxa5 {[%cal Re2d4]}
R6c7 23. Nd4 $14 (23. b4 $2 Ra7 {[%csl Ra5]})) 22. e5 $1 (22. Bxc5 dxc5 23. e5
(23. Rxc5 Qb6 24. Kf1 Rxc6 25. Rxc6 Rxc6 26. Rxc6 Qxc6 27. Qd8+ {but black has
chances to save the game here.}) 23... Rd8 24. Qe1 Nd5 25. Rxc5 $16) 22... Ne8
$4 {Black is missing the last chance.} (22... b3 $142 $1 23. exf6 (23. Rxc5
dxc5 24. exf6 Bxf6 25. axb3 Rxc6 26. f4 Rd6 27. Qc2 $16) 23... Bxf6 24. axb3 (
24. Rc4 bxa2 25. Bxc5 Rxc6 $132) 24... Nxb3 25. Qd5 Nxc1 26. Nxc1 Bxb2 27. f4
$16) 23. Bxc5 dxc5 24. f4 $18 {[%csl Rb8,Rc7,Rc8,Re8] The game is actually
over now-white has an extra pawn on c6, which holds off all black pieces.} e6
25. Rxc5 Bf8 26. R5c4 Ng7 27. g4 $1 {[%csl Yf5,Rg7,Yh5] Taking care on black
knight.} h5 28. h3 hxg4 29. hxg4 Be7 30. Bf3 {[%cal Gg1g2,Yc1h1] White
prepares to double on h-file.} Rf8 31. Kg2 f6 32. exf6 Rxf6 33. Ng3 Rf8 34. Qd3
{[%csl Rg6]} Bh4 (34... Qe8 35. Rh1 {[%cal Gh1h6,Yg4g5]}) 35. Qxg6 Qd8 36. Rd1
Qb8 37. Nh5 Qa7 38. Rcd4 Qa6 39. Rd7 1-0

[Event "Veterans-Women"]
[Site "Copenhagen"]
[Date "1997.??.??"]
[Round "3"]
[White "Hort, Vlastimil"]
[Black "Cramling, Pia"]
[Result "1/2-1/2"]
[WhiteElo "2510"]
[BlackElo "2520"]
[Annotator "King,D"]
[PlyCount "111"]
[EventDate "1997.07.23"]
[EventType "schev"]
[EventRounds "10"]
[EventCountry "DEN"]
[SourceTitle "CBM 061"]
[Source "ChessBase"]
[SourceDate "1997.11.23"]
[SourceVersion "1"]
[SourceVersionDate "1997.11.23"]
[SourceQuality "1"]

1. e4 c5 2. g3 d5 3. exd5 Qxd5 4. Nf3 Nc6 5. Nc3 (5. Bg2 Qe6+ 6. Kf1 g6 7. Nc3
Bg7 8. d3 Qd7 9. a4 b6 10. Bf4 Bb7 11. Nb5 Rd8 12. Qe2 Kf8 13. c3 Nf6 14. Re1
Nd5 15. Ne5 Nxe5 16. Bxe5 Bxe5 17. Qxe5 Nf6 18. Re3 Kg7 19. c4 a6 {Minasian,
A-Palac,M/Erevan olm 1996/EXT 96ch2/1/2-1/2 (30)}) 5... Qd7 (5... Qe6+ 6. Be2 (
6. Qe2 Qxe2+ 7. Bxe2 Bh3 8. Ng5 Bf5 9. Nd5 O-O-O 10. Ne3 Bg6 11. d3 e6 12. h4
h6 13. Nf3 Bd6 14. h5 Bh7 15. b3 Nge7 16. Bb2 Nd4 17. Nxd4 cxd4 18. Nc4 Bb4+
19. Kf1 b5 20. Ne5 Rd5 {Mozes,E-Atalik,S/ROM-chT 1996/EXP 56/0-1 (36)}) 6...
Qd7 (6... Nf6 7. Nb5 Qd7 8. d3 a6 9. Nc3 b6 10. Bg5 Bb7 11. Bxf6 gxf6 12. Qd2
h5 13. Rg1 Bh6 14. Qd1 Qe6 15. Nh4 Nd4 16. Kf1 Qh3+ 17. Ng2 f5 18. f4 Qxh2 19.
Ne4 fxe4 20. c3 Nf3 21. Bxf3 exf3 22. Qd2 fxg2+ 23. Kf2 h4 24. gxh4 Qxh4+ 25.
Ke2 Bxf4 26. Qc2 Qg4+ {0-1 Gerstner,P-Poellner,L/Lienz op 1988/EXT 88op}) 7.
Bb5 Qe6+ 8. Qe2 Qxe2+ 9. Kxe2 Bd7 10. Rd1 e6 11. d4 cxd4 12. Nxd4 Nge7 13. Bxc6
bxc6 14. Ne4 Nc8 15. Nb3 e5 16. Be3 Bf5 17. f3 Rb8 18. Rd2 Bxe4 19. fxe4 Nd6
20. Na5 Rc8 21. Rad1 Nxe4 22. Rd7 f5 23. Rxa7 h5 24. Nc4 h4 25. Nxe5 hxg3 26.
hxg3 Nxg3+ 27. Kf3 Ne4 28. Kf4 Rh3 29. Bb6 Rh5 30. Nxc6 Bd6+ 31. Kf3 Rh3+ 32.
Kg2 Rg3+ 33. Kf1 Rxc6 {0-1 Batsanin,D-Bacrot,E/WchJM U14 Cala Galdana 1996/JUN
97}) 6. Bg2 g6 7. d3 Bg7 8. Be3 Nd4 9. Ne4 Qc7 10. c3 Ne6 11. d4 cxd4 12. Nxd4
Nxd4 13. Bxd4 Nf6 14. Nxf6+ Bxf6 15. Bxf6 exf6 16. Qe2+ Qe7 17. Qxe7+ Kxe7 18.
O-O-O Rb8 19. Rd4 {White has a theoretical advantage as he has a mobile 3
versus 2 pawn majority against Black's impotent 4 versus 3, but he cannot
force the win . Apart from the doubled pawns Black's position has no other
shortcomings.} Be6 20. Ra4 a6 21. Rd1 Rhd8 22. Rxd8 Kxd8 23. Rd4+ Kc7 24. c4 b5
25. cxb5 Rxb5 26. b3 a5 27. Kd2 Rf5 28. Ke3 Re5+ 29. Kd2 Rc5 30. Be4 f5 31. Bd3
Re5 32. f4 Rc5 33. Bc4 Rc6 34. Kd3 h5 35. h4 Rb6 36. Kc3 Rc6 37. Kd3 Rb6 38.
Bd5 Rd6 39. Bxe6 Rxe6 40. Rd5 Kb6 41. Rd7 Kc5 42. a3 (42. Rxf7 Kb4 43. Rc7 Ka3
44. Rc2 Re1 $44) 42... Rb6 43. Kc3 Re6 44. b4+ axb4+ 45. axb4+ Kc6 46. Rd3 Re4
47. Kb3 Kb5 48. Rd5+ Kc6 49. Rc5+ Kb6 50. Rc8 Re3+ 51. Rc3 Re4 52. Rd3 Kb5 53.
Rd5+ Kc6 54. Rc5+ Kb6 55. Re5 Kc6 56. Rc5+ 1/2-1/2

[Event "EU-chT (Men) 10th"]
[Site "Debrecen"]
[Date "1992.11.??"]
[Round "5.3"]
[White "Marin, Mihail"]
[Black "Tolnai, Tibor"]
[Result "1-0"]
[WhiteElo "2525"]
[BlackElo "2490"]
[Annotator "Marin,M"]
[PlyCount "57"]
[EventDate "1992.11.20"]
[EventType "team-swiss"]
[EventRounds "9"]
[EventCountry "HUN"]
[SourceTitle "EU-chT"]
[Source "ChessBase"]
[SourceDate "1999.07.01"]
[SourceVersion "2"]
[SourceVersionDate "1999.07.01"]
[SourceQuality "1"]
[WhiteTeam "Romania"]
[BlackTeam "Hungary II"]
[WhiteTeamCountry "ROU"]
[BlackTeamCountry "HUN"]

1. e4 c5 2. d3 g6 3. g3 Bg7 4. Bg2 Nc6 5. f4 d6 6. Nf3 e5 7. O-O Nge7 8. c3 O-O
9. Na3 (9. a4 $5) 9... Rb8 $5 10. Be3 b6 $6 (10... exf4 $142 $1 11. gxf4 b5 12.
Qe1 $13) 11. f5 $1 $40 gxf5 12. Nh4 f4 $5 (12... fxe4 13. dxe4 {/\ Qh5->}) 13.
gxf4 exf4 14. Bxf4 Ng6 15. Nf5 Nxf4 16. Rxf4 Ne5 17. Qh5 Bxf5 18. exf5 Qf6 $6 (
18... Nxd3 19. Rh4 h6 20. Rf1 Qg5 $1 21. Nc4 (21. f6 $2 Qe3+) 21... Qxh5 22.
Rxh5 Bf6 $14) 19. Rh4 h6 20. Nb5 $1 $16 Qg5 (20... Nxd3 21. Nc7 {/\ Nd5} Rfc8
22. Nd5 Qe5 23. f6 Qxh5 24. Rxh5 Bf8 25. Be4 Ne5 $16 (25... Nxb2 $6 26. Kf2 Re8
27. Rg1+ Kh8 28. Ne7 $1 Rxe7 29. fxe7 Bg7 30. Bc6 $18)) (20... Rbc8 21. Nxa7
$16) 21. Qxg5 hxg5 22. Rh3 Bf6 23. Rg3 Kg7 24. Rd1 (24. d4 $2 cxd4 25. cxd4 Nc4
{/\ a6}) 24... Rh8 (24... Rfd8 25. d4 {/\ h4+/-}) 25. Nxd6 Rbd8 26. Ne4 Rh5 27.
h3 $16 (27. Bf3 Rh4 28. Nxg5 Bxg5 29. Rxg5+ Kf6 $132) 27... Nc4 $4 (27... Rd7
28. Bf3 {/\ Kg2, Bg4, Nf2+/-}) 28. Nxf6 (28. Bf3 $18) 28... Kxf6 29. Bf3 1-0

[Event "EU-ch 12th"]
[Site "Aix les Bains"]
[Date "2011.03.23"]
[Round "2"]
[White "Paichadze, Luka"]
[Black "Savchenko, Boris"]
[Result "0-1"]
[WhiteElo "2487"]
[BlackElo "2616"]
[Annotator "Marin,M"]
[PlyCount "80"]
[EventDate "2011.03.22"]
[EventType "swiss"]
[EventRounds "11"]
[EventCountry "FRA"]
[SourceTitle "CBM 142 Extra"]
[Source "ChessBase"]
[SourceDate "2011.06.27"]
[SourceVersion "1"]
[SourceVersionDate "2011.06.27"]
[SourceQuality "1"]

1. e4 c5 2. b3 h5 $6 $146 {In the absence of a target on g3, this is an absurd
move. Black's play in the first part of the game has some abstract coherence,
but with one important exception: it will place the developing process on a
very low priority.} 3. Bb2 Nc6 4. Nf3 d5 5. exd5 Qxd5 6. Nc3 Qd8 7. Bb5 {
It is quite common in the b3-system that White develops his other bishop to b5.
Apart from the threat of spoiling the enemy structure, Black's control over
the e5- and d4-squares is weakened, thus adding strength to the b2-bishop.} Rh6
{One abstract justification of the opening experiment.} 8. O-O a6 9. Bxc6+ Rxc6
10. Ne5 Rh6 {Black loses lots of time with his rook moves, while all the other
pieces are on their initial squares. His play would have some meaning of the
rook could remain active along the 6th rank, but this will not be the case,
unfortunately.} 11. Ne4 f6 12. Nc4 h4 $6 {Black keeps playing an original game.
After cutting off the 6th rank, he opens some new horizons for the rook. Still,
all his other pieces are on their initial squares.} (12... e6 $16 {would have
been more cautious, trying to catch up in development.}) 13. Re1 e5 {This
looks like overdoing things already, but maybe it is too late for a good piece
of advice?} ({For the truth's sake, it should be mentioned that} 13... e6 {
would be worse than if played one move earlier because of} 14. Re3 {followed
by Rd3 and Nd6+, with a probably decissive attack at no cost.}) 14. f4 {
The position falls apart now. Twelve moves have passed since the novelty and
only one piece (the king's rook) is on another square than the initial one.
But maybe this cannot even be considered a developing move. I would prefer
having it back on h8 in order to remain three tempi away from castling 
(although this may remain purely utopic).} b5 15. fxe5 $5 ({Tempting and not
bad, but the simple} 15. Ne3 {leaves Black in a desperate situation.}) 15...
bxc4 16. exf6 Kf7 17. fxg7 $2 {Missing a forced win.} (17. Ng5+ $1 Kg6 18. Re8
$3 Qd6 (18... Qxe8 19. f7 $18) 19. fxg7 Bxg7 20. Rxg8 $18) 17... Bxg7 18. Qf3+
Kg6 19. Nd6 Qxd6 20. Bxg7 Kxg7 21. Qxa8 h3 $132 {Finally, the advance of the
h-pawn has got some meaning. The position has become rather unclear and Black
will remain unpunished for violating most of the common sense rules.} 22. Qe4
Re6 23. Qxc4 Qxd2 24. Qf1 Rg6 25. Qf3 Rxg2+ 26. Kf1 Rg4 27. Re4 Qg2+ 28. Qxg2
hxg2+ 29. Kf2 Rxe4 30. Rg1 Nf6 31. Rxg2+ Rg4 32. Rxg4+ Bxg4 33. Ke3 Bf5 34. c3
Nd5+ 35. Kd2 Kf6 36. a3 Ke5 37. c4 Nf4 38. b4 Kd4 39. b5 axb5 40. cxb5 c4 0-1